000 00522cam a2200217 4500
001 4547045
005 20180307080104.0
008 690829s1968 onca 000 0 eng
010 _a 70403532
015 _aC69-1547
040 _aDLC
_cDLC
_dDLC
041 _aeng
080 _a650 col
082 0 0 _a650 col
100 _a58
101 _abus
245 0 0 _aExploring business
_c[by] J. Frank Dame [and others]
350 _a4.15
906 _a7
_bcbc
_corignew
_du
_encip
_f19
_gy-gencatlg
942 _2ddc
_cBK
999 _c44318
_d44318